ბათუმის შოთა რუსთაველის სახელმწიფო უნივერსიტეტის ბიბლიოთეკა

ქართული ფრაზეოლოგიის საკითხები (ბიბ.ჩანაწერი № 35825)

000 -LEADER
fixed length control field 00613nam a2200205Ia 4500
001 - CONTROL NUMBER
control field 1714
003 - CONTROL NUMBER IDENTIFIER
control field GE_BSU
008 - FIXED-LENGTH DATA ELEMENTS--GENERAL INFORMATION
fixed length control field 181216s||||||||xx |||||||||||||| ||und||
040 ## - CATALOGING SOURCE
Transcribing agency GE_BSU
080 ## - UNIVERSAL DECIMAL CLASSIFICATION NUMBER
Universal Decimal Classification number 811.353.1
100 ## - MAIN ENTRY--PERSONAL NAME
Personal name თაყაიშვილი, ა
245 ## - TITLE STATEMENT
Title ქართული ფრაზეოლოგიის საკითხები
260 ## - PUBLICATION, DISTRIBUTION, ETC.
Place of publication, distribution, etc. თბილისი
260 ## - PUBLICATION, DISTRIBUTION, ETC.
Name of publisher, distributor, etc. საქ. სსრ. აკად.
260 ## - PUBLICATION, DISTRIBUTION, ETC.
Date of publication, distribution, etc. 1961
300 ## - PHYSICAL DESCRIPTION
Extent 154 გვ.22 სმ.
653 ## - INDEX TERM--UNCONTROLLED
Uncontrolled term ქართული ფრაზეოლოგია
942 ## - ADDED ENTRY ELEMENTS (KOHA)
Koha item type წიგნი
ეგზემპლარები
Withdrawn status Lost status Damaged status Not for loan Date acquired Barcode Date last seen Price effective from Koha item type Public note
        2018-12-17 3603 2018-12-17 2018-12-17 წიგნი დარბაზი